Làng nghề thủ công truyền thống Việt Nam

Sách giới thiệu 15 nhóm làng nghề với các làng nghề tiêu biểu trên khắp các miền đất: làng nghề đúc đồng, làng nghề kim hoàn, làng nghề rèn, làng nghề gốm, làng nghề chạm khắc đá, làng nghề dệt....Tất cả được trình bày theo nhiều khi...

全面介紹

Đã lưu trong:
書目詳細資料
主要作者: Bùi Văn Vượng
格式: 圖書
語言:Undetermined
出版: Hà Nội Văn Hóa Dân Tộc 1998
主題:
標簽: 添加標簽
沒有標簽, 成為第一個標記此記錄!
Thư viện lưu trữ: Trung tâm Học liệu Trường Đại học Cần Thơ
LEADER 01135nam a2200181Ia 4500
001 CTU_22498
008 210402s9999 xx 000 0 und d
082 |a 745.5 
082 |b V561 
100 |a Bùi Văn Vượng 
245 0 |a Làng nghề thủ công truyền thống Việt Nam 
245 0 |c Bùi Văn Vượng 
260 |a Hà Nội 
260 |b Văn Hóa Dân Tộc 
260 |c 1998 
520 |a Sách giới thiệu 15 nhóm làng nghề với các làng nghề tiêu biểu trên khắp các miền đất: làng nghề đúc đồng, làng nghề kim hoàn, làng nghề rèn, làng nghề gốm, làng nghề chạm khắc đá, làng nghề dệt....Tất cả được trình bày theo nhiều khía cạnh: lịch sử, kinh tế, văn hóa, nghệ thuật, tư tưởng, kỹ thuật, đặc biệt là bí quyết nghề và thủ pháp nghệ thuật - kỹ thuật của các nghệ nhân 
650 |a vietnamese craft 
980 |a Trung tâm Học liệu Trường Đại học Cần Thơ